福岡県 高校最寄り駅 - Statistics

General Stats
  • This quiz has been taken 11 times
  • The average score is 102 of 163
Answer Stats
高校 接続路線 Answer % Correct
福岡県立朝倉高等学校 西鉄甘木線・甘木鉄道 甘木
86%
福岡県立朝倉東高等学校 西鉄甘木線・甘木鉄道 甘木
86%
福岡県立糸島高等学校 筑肥線 糸島高校前
86%
福岡県立糸島農業高等学校 筑肥線 筑前前原
86%
福岡県立宇美商業高等学校 香椎線 宇美
86%
折尾愛真高等学校 鹿児島本線・筑豊本線 折尾
86%
福岡県立苅田工業高等学校 日豊本線 苅田
86%
北九州市立高等学校 鹿児島本線 戸畑
86%
仰星学園高等学校 鹿児島本線 黒崎
86%
久留米学園高等学校 西鉄天神大牟田線 西鉄久留米
86%
福岡県立小倉高等学校 鹿児島本線・日豊本線 西小倉
86%
福岡県立修猷館高等学校 福岡市営地下鉄空港線 西新
86%
自由ケ丘高等学校 鹿児島本線・筑豊本線 折尾
86%
西南学院高等学校 福岡市営地下鉄空港線 西新
86%
福岡県立東筑高等学校 鹿児島本線・筑豊本線 折尾
86%
福岡県立東鷹高等学校 日田彦山線・平成筑豊鉄道田川線伊田線 田川伊田
86%
福岡県立戸畑高等学校 鹿児島本線 戸畑
86%
福岡県立戸畑工業高等学校 鹿児島本線 戸畑
86%
福岡県立西田川高等学校 日田彦山線・後藤寺線・平成筑豊鉄道糸田線 田川後藤寺
86%
福岡県立ひびき高等学校 鹿児島本線 戸畑
86%
福岡県立福岡中央高等学校 福岡市営地下鉄七隈線 薬院大通
86%
福岡県立三池工業高等学校 鹿児島本線・西鉄天神大牟田線 大牟田
86%
福岡県立明善高等学校 九州新幹線・鹿児島本線・久大本線 久留米
86%
福岡県立若松高等学校 筑豊本線 若松
86%
飯塚高等学校 筑豊本線・後藤寺線 新飯塚
71%
福岡県立浮羽工業高等学校 久大本線 田主丸
71%
大牟田高等学校 鹿児島本線 銀水
71%
沖学園高等学校 鹿児島本線 竹下
71%
福岡県立遠賀高等学校 鹿児島本線 遠賀川
71%
福岡県立香椎工業高等学校 鹿児島本線・香椎線 香椎
71%
福岡県立香椎高等学校 鹿児島本線・香椎線 香椎
71%
福岡県立春日高等学校 鹿児島本線 大野城
71%
福岡県立嘉穂高等学校 筑豊本線 飯塚
71%
福岡県立嘉穂東高等学校 筑豊本線・後藤寺線 新飯塚
71%
九州国際大学付属高等学校 鹿児島本線 枝光
71%
九州産業大学付属九州高等学校 鹿児島本線・香椎線 香椎
71%
九州産業大学付属九州産業高等学校 西鉄天神大牟田線
71%
近畿大学附属福岡高等学校 筑豊本線・後藤寺線 新飯塚
71%
久留米信愛高等学校 久大本線 久留米大学前
71%
久留米大学附設高等学校 久大本線 久留米大学前
71%
福岡県立久留米筑水高等学校 久大本線 御井
71%
敬愛高等学校 鹿児島本線・山陽本線 門司
71%
慶成高等学校 日豊本線 南小倉
71%
福岡県立小倉工業高等学校 日豊本線 南小倉
71%
福岡県立小倉商業高等学校 北九州モノレール 城野
71%
福岡県立小倉西高等学校 日豊本線 南小倉
71%
福岡県立小倉南高等学校 北九州モノレール(日豊本線・日田彦山線) 城野
71%
福岡県立早良高等学校 福岡市営地下鉄七隈線 野芥
71%
純真高等学校 西鉄天神大牟田線 大橋
71%
上智福岡高等学校 福岡市営地下鉄七隈線 桜坂
71%
福岡県立城南高等学校 福岡市営地下鉄七隈線 茶山
71%
杉森高等学校 西鉄天神大牟田線 西鉄柳川
71%
精華女子高等学校 福岡市営地下鉄七隈線 渡辺通
71%
西南女学院高等学校 日豊本線 南小倉
71%
第一薬科大学付属高等学校 西鉄天神大牟田線 高宮
71%
福岡県立筑紫丘高等学校 西鉄天神大牟田線 大橋
71%
福岡県立筑紫高等学校 西鉄天神大牟田線 朝倉街道
71%
筑紫女学園高等学校 福岡市営地下鉄七隈線 桜坂
71%
筑紫台高等学校 西鉄太宰府線 太宰府
71%
福岡県立筑紫中央高等学校 西鉄天神大牟田線 下大利
71%
筑陽学園高等学校 西鉄天神大牟田線・太宰府線 西鉄二日市
71%
福岡県立伝習館高等学校 西鉄天神大牟田線 西鉄柳川
71%
東海大学付属福岡高等学校 鹿児島本線 赤間
71%
中村学園女子高等学校(中村学園高等学校) 福岡市営地下鉄七隈線 別府
71%
中村学園三陽高等学校 筑肥線 今宿
71%
久留米市立南筑高等学校 久大本線 久留米大学前
71%
西日本短期大学附属高等学校 鹿児島本線 羽犬塚
71%
福岡市立博多工業高等学校 福岡市営地下鉄七隈線 福大前
71%
博多女子高等学校 福岡市営地下鉄箱崎線 馬出九大病院前
71%
福岡県立博多青松高等学校 福岡市営地下鉄箱崎線 千代県庁口
71%
福岡県立柏陵高等学校 博多南線 博多南
71%
東筑紫学園高等学校 日豊本線 南小倉
71%
東福岡高等学校 福岡市営地下鉄空港線 東比恵
71%
福岡海星女子学院高等学校 博多南線 博多南
71%
福岡県立福岡工業高等学校 福岡市営地下鉄空港線 藤崎
71%
福岡県立福岡高等学校 福岡市営地下鉄箱崎線 千代県庁口
71%
福岡県立福岡講倫館高等学校 福岡市営地下鉄七隈線 次郎丸
71%
福岡常葉高等学校 西鉄天神大牟田線 筑紫
71%
福岡女学院高等学校 博多南線 博多南
71%
福岡市立福岡女子高等学校 筑肥線・福岡市営地下鉄空港線 姪浜
71%
福岡女子商業高等学校 博多南線 博多南
71%
福岡第一高等学校 西鉄天神大牟田線 高宮
71%
福岡大学附属大濠高等学校 福岡市営地下鉄七隈線 六本松
71%
福岡大学附属若葉高等学校 福岡市営地下鉄空港線 大濠公園
71%
福岡雙葉高等学校 福岡市営地下鉄七隈線 桜坂
71%
福岡市立福翔高等学校 西鉄天神大牟田線 大橋
71%
豊国学園高等学校 鹿児島本線・山陽本線 門司
71%
福岡県立三池高等学校 鹿児島本線 銀水
71%
福岡県立門司学園高等学校 鹿児島本線・山陽本線 門司
71%
福岡県立門司大翔館高等学校 鹿児島本線・山陽本線 門司
71%
柳川高等学校 西鉄天神大牟田線 西鉄柳川
71%
福岡県立八幡高等学校 日豊本線 南小倉
71%
八女学院高等学校 鹿児島本線 羽犬塚
71%
福岡県立八女工業高等学校 鹿児島本線 羽犬塚
71%
福岡県立八女高等学校 鹿児島本線 羽犬塚
71%
福岡県立八女農業高等学校 鹿児島本線 羽犬塚
71%
祐誠高等学校 久大本線 南久留米
71%
福岡県立行橋高等学校 日豊本線 南行橋
71%
福岡県立朝倉光陽高等学校 久大本線 筑後大石
57%
福岡県立ありあけ新世高等学校 鹿児島本線 吉野
57%
福岡県立浮羽究真館高等学校 久大本線 筑後吉井
57%
福岡県立大牟田北高等学校 鹿児島本線 吉野
57%
福岡県立香住丘高等学校 西鉄貝塚線 香椎花園前
57%
福岡県立嘉穂総合高等学校 筑豊本線・篠栗線 桂川
57%
希望が丘高等学校 筑豊電気鉄道 希望が丘高校前
57%
福岡県立鞍手高等学校 筑豊本線・平成筑豊鉄道伊田線 直方
57%
福岡県立久留米高等学校 久大本線 久留米高校前
57%
久留米市立久留米商業高等学校 久大本線 久留米高校前
57%
福岡県立玄洋高等学校 筑肥線 九大学研都市
57%
福岡県公立古賀竟成館高等学校 鹿児島本線 古賀
57%
福岡県立小倉東高等学校 日豊本線 下曽根
57%
福岡県立新宮高等学校 鹿児島本線 新宮中央
57%
真颯館高等学校 鹿児島本線 九州工大前
57%
福岡県立水産高等学校 鹿児島本線 福間
57%
福岡県立太宰府高等学校 西鉄太宰府線 西鉄五条
57%
立花高等学校 鹿児島本線 福工大前
57%
福岡県立直方高等学校 筑豊本線・平成筑豊鉄道伊田線 直方
57%
博多高等学校 鹿児島本線 千早
57%
福岡県立福岡魁誠高等学校 篠栗線・香椎線 長者原
57%
福岡工業大学附属城東高等学校 鹿児島本線 福工大前
57%
福岡市立福岡西陵高等学校 筑肥線 下山門
57%
福岡県立福岡農業高等学校 鹿児島本線 都府楼南
57%
福岡舞鶴高等学校 筑肥線 九大学研都市
57%
福岡県立福島高等学校 鹿児島本線 西牟田
57%
久留米市外三市町高等学校組合立三井中央高等学校 西鉄甘木線 北野
57%
福岡県立武蔵台高等学校 鹿児島本線 都府楼南
57%
明光学園高等学校 鹿児島本線 吉野
57%
明治学園高等学校 鹿児島本線 九州工大前
57%
福岡県立八幡南高等学校 筑豊電気鉄道 永犬丸
57%
福岡県立稲築志耕館高等学校 後藤寺線 下鴨生
43%
福岡県立小郡高等学校 西鉄天神大牟田線 三国が丘
43%
福岡県立折尾高等学校 鹿児島本線 水巻
43%
福岡県立玄海高等学校 鹿児島本線 千鳥
43%
高稜高等学校 筑豊本線 二島
43%
福岡県立光陵高等学校 鹿児島本線 東福間
43%
福岡県立須恵高等学校 香椎線 須恵中央
43%
福岡県立青豊高等学校 日豊本線 宇島
43%
福岡県立築上西高等学校 日豊本線 椎田
43%
常磐高等学校 日田彦山線 志井公園
43%
福岡県立中間高等学校 筑豊電気鉄道 通谷
43%
福岡県立宗像高等学校 鹿児島本線 東郷
43%
福岡県立山門高等学校 鹿児島本線 瀬高
43%
大和青藍高等学校 筑豊電気鉄道 筑豊直方
43%
福岡県立若松商業高等学校 筑豊本線 二島
43%
福岡県立北九州高等学校 北九州モノレール 北方
29%
福岡県立鞍手竜徳高等学校 筑豊本線 勝野
29%
誠修高等学校 西鉄天神大牟田線 東甘木
29%
福岡県立田川高等学校 平成筑豊鉄道田川線 上伊田
29%
福岡県立筑豊高等学校 筑豊電気鉄道 感田
29%
福岡県立直方高等学校 筑豊電気鉄道 感田
29%
福岡県立北筑高等学校 筑豊電気鉄道 森下
29%
福岡県立三潴高等学校 西鉄天神大牟田線 犬塚
29%
福岡県立三井高等学校 甘木鉄道 松崎
29%
美萩野女子高等学校 北九州モノレール 片野
29%
福岡県立八幡中央高等学校 皿倉山ケーブルカー 山麓
29%
福岡県立育徳館高等学校 平成筑豊鉄道田川線 新豊津
14%
福岡県立大川樟風高等学校 西鉄天神大牟田線 蒲池
14%
星琳高等学校 筑豊電気鉄道 萩原
14%
福岡県立田川科学技術高等学校 平成筑豊鉄道伊田線 下伊田
14%
福智高校 平成筑豊鉄道伊田線 下伊田
14%
明蓬館高等学校 日田彦山線 西添田
14%
福岡県立八幡工業高等学校 筑豊電気鉄道 今池
14%
福岡県立京都高等学校 平成筑豊鉄道田川線 令和コスタ行橋
0%
No matching quizzes found
Score Distribution
Percent of People with Each Score
Percentile by Number Answered
Your Score History
You have not taken this quiz